Paku-pakis di sekeliling kita

Bibliographic Details
Main Author: Abdul Aziz Bidin
Format: Book
Language:Malay
Published: Kuala Lumpur : Dewan Bahasa dan Pustaka , c1986
Subjects:

MARC

LEADER 00000cam a2200000 7i4500
001 0000002701
005 20230601.0
008 991201 my may
040 |a INS 
090 0 0 |a QF529.M2   |b .A136 1986 
100 0 |a Abdul Aziz Bidin 
245 1 0 |a Paku-pakis di sekeliling kita   |c Abdul Aziz Bidin 
260 |a Kuala Lumpur :   |b Dewan Bahasa dan Pustaka ,   |c c1986 
300 |a xi, 120 p. :   |b col. ill. ;   |c 24 cm. 
504 |a Includes bibliographical references and index 
650 0 |a Botany 
999 |a 0000003680   |b BOOK   |c Open Shelf   |e Default branch